书目信息 |
| 题名: |
中华人民共和国最高人民法院最高人民检察院司法解释与指导案例
|
|
| 作者: | ||
| 分册: | 商事卷 | |
| 出版信息: | 北京 中国法制出版社 2011.06 |
|
| 页数: | 36,1434页 | |
| 开本: | 22cm | |
| 丛书名: | ||
| 单 册: | ||
| 中图分类: | D920.5 , D923.995 | |
| 科图分类: | ||
| 主题词: | 法律解释--中国 , 案例--中国--现代 , 商法--法律解释--中国 , 商法--案例--中国--现代 , 法律解释 , 案例 , 商法 | |
| 电子资源: | ||
| ISBN: | 978-7-5093-2709-8 | |
| 000 | 01467nam0 2200349 450 | |
| 001 | 012011069194 | |
| 005 | 20130608084412.68 | |
| 010 | @a978-7-5093-2709-8@b精装@dCNY130.00@z7-5093-2709-1 | |
| 035 | @a(SG02)012011021702 | |
| 100 | @a20110809d2011 em y0chiy50 ea | |
| 101 | 0 | @achi |
| 102 | @aCN@b110000 | |
| 105 | @ay n 000yy | |
| 106 | @ar | |
| 200 | 1 | @a中华人民共和国最高人民法院最高人民检察院司法解释与指导案例@9zhong hua ren min gong he guo zui gao ren min fa yuan zui gao ren min jian cha yuan si fa jie shi yu zhi dao an li@i商事卷@dThe People's Republic of China the Supreme People's Court the Supreme People's Procuratorate@iJudicial interpretations & guiding cases@zeng |
| 205 | @a2版 | |
| 210 | @a北京@c中国法制出版社@d2011.06 | |
| 215 | @a36,1434页@d22cm | |
| 300 | @a含知识产权 | |
| 330 | @a本书内容包括商事实体法、商事程序法两大部分,收录新中国成立以来最高人民法院、最高人民检察院及其他部委联合发布的截至2011年4月的现行有效司法解释以及诉讼活动密切相关的司法文件。 | |
| 510 | 1 | @aPeople's Republic of China the Supreme People's Court the Supreme People's Procuratorate@iJudicial interpretations & guiding cases@zeng |
| 606 | 0 | @a法律解释@y中国 |
| 606 | 0 | @a案例@y中国@z现代 |
| 606 | 0 | @a商法@x法律解释@y中国 |
| 606 | 0 | @a商法@x案例@y中国@z现代 |
| 606 | 0 | @a法律解释 |
| 606 | 0 | @a案例 |
| 606 | 0 | @a商法 |
| 690 | @aD920.5@v4 | |
| 690 | @aD923.995@v4 | |
| 801 | 0 | @aCN@bRENTIAN@c20110809 |
| 905 | @dD920.5@e1006=2 | |
| 中华人民共和国最高人民法院最高人民检察院司法解释与指导案例.商事卷=The People's Republic of China the Supreme People's Court the Supreme People's Procuratorate.Judicial interpretations & guiding cases.-2版.-北京:中国法制出版社,2011.06 |
| 36,1434页;22cm |
| 含知识产权 |
| ISBN 978-7-5093-2709-8(精装):CNY130.00 |
| 本书内容包括商事实体法、商事程序法两大部分,收录新中国成立以来最高人民法院、最高人民检察院及其他部委联合发布的截至2011年4月的现行有效司法解释以及诉讼活动密切相关的司法文件。 |
| ● |
| 相关链接 |
|
|
|
|
正题名:中华人民共和国最高人民法院最高人民检察院司法解释与指导案例
索取号:D920.5/1006=2
 
预约/预借
| 序号 | 登录号 | 条形码 | 馆藏地/架位号 | 状态 | 备注 |
| 1 | 0543809 | 205438098 | 第一样本阅览室/ [索取号:D920.5/1006=2] | 在馆 | |
| 2 | 0543810 | 205438105 | 第一借阅区/ [索取号:D920.5/1006=2] | 在馆 | |
| 3 | 0543811 | 205438114 | 密集书库-史法系/ [索取号:D920.5/1006=2] | 在馆 |